000
00212nam a2200097Ia 4500
008
240331s9999 xx 000 0 und d
082
_b
PEN
100
_a
Kuzhu,M. ed
245
0
_a
Penkal chanthippu malar
942
_c
L
999
_c
3559
_d
3559